FINANCE FOR ENTREPRENEURS (Record no. 344518)

000 -LEADER
fixed length control field 00278 a2200121 4500
022 ## - INTERNATIONAL STANDARD SERIAL NUMBER
International Standard Serial Number 9788131506509
090 ## - LOCALLY ASSIGNED LC-TYPE CALL NUMBER (OCLC); LOCAL CALL NUMBER (RLIN)
-- 2015
-- 2015
100 ## - MAIN ENTRY--PERSONAL NAME
Personal name LEACH J. CHRIS LEACH
245 ## - TITLE STATEMENT
Title FINANCE FOR ENTREPRENEURS
260 ## - PUBLICATION, DISTRIBUTION, ETC.
Place of publication, distribution, etc. NEW DELHI
300 ## - PHYSICAL DESCRIPTION
Extent 472
942 ## - ADDED ENTRY ELEMENTS (KOHA)
Institution code [OBSOLETE] NBS
Koha item type Book
Call number prefix 658.15421 LEA
Holdings
Withdrawn status Lost status Damaged status Not for loan Permanent Location Current Location Date acquired Total Checkouts Full call number Barcode Date last seen Date last checked out Price effective from Koha item type
        Central Library (CL) Central Library (CL) 08/28/2013 1 658.15421 LEA NBS8289 06/20/2014 01/27/2014 08/28/2013 Book
© 2023 Central Library, National University of Sciences and Technology. All Rights Reserved.